[Event "IECC CL6-2000.06"]
[Site "IECC email"]
[Date "1999.12.30"]
[Round "?"]
[White "Van Eijk, Jelle H"]
[Black "Lukas, Jens"]
[Result "1-0"]
[WhiteElo "1353"]
[BlackElo "1283"]
[PlyCount "71"]
[EventDate "2000.??.??"]
[EventType "tourn (corr)"]
[EventRounds "4"]
[SourceTitle "Corr 2008"]
[Source "ChessBase"]
[SourceDate "2008.06.24"]
[SourceVersion "1"]
[SourceVersionDate "2008.06.24"]
[SourceQuality "1"]

1. e4 e5 2. Nf3 Nc6 3. Bb5 a6 4. Ba4 b5 5. Bb3 a5 6. 0-0 Nf6 7. Nc3 Ba6 8. Re1 Bc5 9. d3 0-0 10. Bg5 d6 11. Bd5 Qd7 12. Bxf6 gxf6 13. Bxc6 Qxc6 14. Nd5 Kh8 15. Nxf6 Bc8 16. Nh4 d5 17. Nxd5 Rg8 18. Qf3 Bg4 19. Qf6+ Qxf6 20. Nxf6 Rg5 21. Nxg4 Rxg4 22. Nf5 h5 23. Kh1 Bxf2 24. Rf1 Bc5 25. Nh6 Rg7 26. Nxf7+ Kh7 27. Nxe5 Rag8 28. Rf7 Rxf7 29. Nxf7 Rf8 30. Ng5+ Kh6 31. Ne6 Rf2 32. Nxc5 Rxc2 33. Ne6 c5 34. b3 Rc3 35. h3 h4 36. Rf1 1-0